MotoGP World Champions - Statistics

General Stats
  • This quiz has been taken 69 times
    51 since last reset
  • The average score is 37 of 75
Answer Stats
Year Nationality Rider % Correct
2019 Spain Marc Marquez
95%
2018 Spain Marc Marquez
95%
2017 Spain Marc Marquez
95%
2016 Spain Marc Marquez
95%
2014 Spain Marc Marquez
95%
2013 Spain Marc Marquez
95%
2022 Italy Francesco Bagnaia
91%
2009 Italy Valentino Rossi
91%
2008 Italy Valentino Rossi
91%
2005 Italy Valentino Rossi
91%
2004 Italy Valentino Rossi
91%
2003 Italy Valentino Rossi
91%
2002 Italy Valentino Rossi
91%
2001 Italy Valentino Rossi
91%
2021 France Fabio Quartararo
82%
2015 Spain Jorge Lorenzo
82%
2012 Spain Jorge Lorenzo
82%
2010 Spain Jorge Lorenzo
82%
2020 Spain Joan Mir
80%
2011 Australia Casey Stoner
77%
2007 Australia Casey Stoner
77%
2006 USA Nicky Hayden
64%
1998 Australia Mick Doohan
59%
1997 Australia Mick Doohan
59%
1996 Australia Mick Doohan
59%
1995 Australia Mick Doohan
59%
1994 Australia Mick Doohan
59%
1975 Italy Glacomo Agostini
52%
1972 Italy Glacomo Agostini
52%
1971 Italy Glacomo Agostini
52%
1970 Italy Glacomo Agostini
52%
1969 Italy Glacomo Agostini
52%
1968 Italy Glacomo Agostini
52%
1967 Italy Glacomo Agostini
52%
1966 Italy Glacomo Agostini
52%
1999 Spain Alex Criville
45%
1980 USA Kenny Roberts
41%
1979 USA Kenny Roberts
41%
1978 USA Kenny Roberts
41%
2000 USA Kenny Roberts Jr
41%
1992 USA Wayne Rainey
39%
1991 USA Wayne Rainey
39%
1990 USA Wayne Rainey
39%
1993 USA Kevin Schwantz
36%
1989 USA Eddie Lawson
32%
1988 USA Eddie Lawson
32%
1986 USA Eddie Lawson
32%
1984 USA Eddie Lawson
32%
1985 USA Freddie Spencer
30%
1983 USA Freddie Spencer
30%
1965 UK Mike Hailwood
30%
1964 UK Mike Hailwood
30%
1963 UK Mike Hailwood
30%
1962 UK Mike Hailwood
30%
1960 UK John Surtees
27%
1959 UK John Surtees
27%
1958 UK John Surtees
27%
1956 UK John Surtees
27%
1987 Australia Wayne Gardner
27%
2023 Italy Francesco Bagnaia
23%
1977 UK Barry Sheene
20%
1976 UK Barry Sheene
20%
1955 UK Geoff Duke
20%
1954 UK Geoff Duke
20%
1953 UK Geoff Duke
20%
1951 UK Geoff Duke
20%
1949 UK Leslie Graham
20%
1982 Italy Franco Uncini
18%
1981 Italy Marco Lucchinelli
18%
1974 UK Phil Read
18%
1973 UK Phil Read
18%
1961 Rhodesia and Nyasaland Gary Hocking
16%
1952 Italy Umberto Masetti
14%
1950 Italy Umberto Masetti
14%
1957 Italy Libero Liberati
11%
No matching quizzes found
Score Distribution
Percent of People with Each Score
Percentile by Number Answered
Your Score History
You have not taken this quiz since the last reset